MARC

LEADER 00000nam0a2200000 4500
001 359351
005 20231102011201.0
035 |a (RuTPU)RU\TPU\retro\16623 
090 |a 359351 
100 |a 20201014d1989 m y0rusy50 ca 
101 1 |a rus  |c rum 
102 |a RU 
105 |a a z 001gy 
200 1 |a Звезды новорожденной свет  |e пер. с рум.  |f М. Эминеску  |g сост. Ю. Кожевников 
210 |a Москва  |c Художественная литература  |d 1989 
215 |a 326 с.  |c ил. 
320 |a Вступительная статья: с. 5-14 
320 |a Примечания: с. 313-321 
606 1 |a Румынская литература  |2 stltpush  |3 (RuTPU)RU\TPU\subj\26355  |9 50304 
610 1 |a художественная литература 
610 1 |a молдавская литература 
610 1 |a поэзия 
610 1 |a лирика 
675 |a 859.0  |v 4 
700 1 |a Эминеску  |b М.  |g Михаил  |4 070 
702 1 |a Кожевников  |b Ю.  |4 220 
801 1 |a RU  |b 63413507  |c 20201014 
801 2 |a RU  |b 63413507  |c 20210602  |g RCR 
942 |c BK